00454nam a2200193 a 450000100060000000300090000600800410001504000280005608200140008410000110009824500250010925000060013426000350014030000110017549000240018650000170021065000150022765000180024210864CO-ViMGA141112s2004 ck r 000 u spa d aCO-ViMGAbspacCO-ViMGA04a160 K15c21 aManuel10aCrítica del juicio a6 aMadrid, cEspasa Calpe, c1995 a487 p. aColección Austral aFecha : 199514aESTética14aJUICIO LOGICO